LEADER 01277nam--2200409---450- 001 990000844930203316 005 20051111125010.0 035 $a0084493 035 $aUSA010084493 035 $a(ALEPH)000084493USA01 035 $a0084493 100 $a20020107d1996----km-y0itay0103----ba 101 $aeng 102 $aUS 105 $a||||||||001yy 200 1 $aHumanism and the rhetoric of toleration$fGary Remer 210 $aUniversity Park$cThe Pennsylvania State University$dc1996 215 $aX, 318 p$d24 cm 410 $12001 606 0 $aLetteratura cristiana$yEuropa$xStoria 606 0 $aLetteratura latina$yEuropa$xStoria 606 0 $aLetteratura cristiana$xAutori latini$yEuropa 606 0 $aLetteratura latina$xInflussi classici 606 0 $aRetorica$z1500-1800 676 $a261.7209409031 700 1$aREMER,$bGary$0551084 801 0$aIT$bsalbc$gISBD 912 $a990000844930203316 951 $aII.2. 3895(VIII F 15)$b134415 LM$cVIII F 959 $aBK 969 $aUMA 979 $aPATTY$b90$c20020107$lUSA01$h0939 979 $c20020403$lUSA01$h1730 979 $aPATRY$b90$c20040406$lUSA01$h1658 979 $aCOPAT3$b90$c20051111$lUSA01$h1250 996 $aHumanism and the rhetoric of toleration$9968116 997 $aUNISA LEADER 03007nam 2200733 450 001 9910809847403321 005 20230125183821.0 010 $a1-60649-501-1 035 $a(CKB)2550000001168334 035 $a(EBL)1048444 035 $a(OCoLC)864743669 035 $a(SSID)ssj0001141704 035 $a(PQKBManifestationID)11660828 035 $a(PQKBTitleCode)TC0001141704 035 $a(PQKBWorkID)11093509 035 $a(PQKB)11309204 035 $a(OCoLC)867482209 035 $a(CaBNVSL)swl00403005 035 $a(Au-PeEL)EBL1048444 035 $a(CaPaEBR)ebr10821749 035 $a(CaONFJC)MIL549600 035 $a(CaSebORM)9781606495018 035 $a(MiAaPQ)EBC1048444 035 $a(EXLCZ)992550000001168334 100 $a20140105d2014 fy 0 101 0 $aeng 135 $aur|n|---||||| 181 $ctxt 182 $cc 183 $acr 200 12$aA profile of the oil and gas industry $eresources, market forces, geopolitics, and technology /$fLinda Herkenhoff 205 $aFirst edition. 210 1$aNew York, New York (222 East 46th Street, New York, NY 10017) :$cBusiness Expert Press,$d2014. 215 $a1 online resource (152 p.) 225 1 $aIndustry profiles collection 300 $aPart of: 2014 digital library. 311 $a1-60649-500-3 311 $a1-306-18349-9 320 $aIncludes bibliographical references (pages 125-132) and index. 327 $a1. Introduction -- 2. How the industry operates -- 3. Industry organization and competition -- 4. Market forces -- 5. Regulations of the oil industry -- 6. Challenges and opportunities -- Notes -- References -- Index. 330 3 $aAs early as 3000 BC, we know that the people of Mesopotamia were using crude oil as a tar for building ships and houses, so, it is not by any means a new industry, but it is a volatile one. Oil and gas are important to every aspect of our economy yet this industry is distinguished by its combination of increasing demands and decreasing discovery volumes; and it is an industry shrouded in an environment of extremely volatile pricing. Although the profits enjoyed by the oil and gas industry are enormous, the industry remains one of the most capital intensive in a world where rising expenses continue to threaten to squeeze profit margins. 410 0$a2014 digital library. 410 0$aIndustry profiles collection. 606 $aPetroleum industry and trade 610 $aoil 610 $agas 610 $aenergy 610 $aresources 610 $apetroleum 610 $ahydrocarbons 610 $ashale sands 610 $areserves 610 $aseismic 610 $afossil fuels 615 0$aPetroleum industry and trade. 676 $a338.27282 700 $aHerkenhoff$b Linda.$0928211 801 0$bMiAaPQ 801 1$bMiAaPQ 801 2$bMiAaPQ 906 $aBOOK 912 $a9910809847403321 996 $aA profile of the oil and gas industry$94096202 997 $aUNINA